US state capitals quiz - Statistics

General Stats
  • This quiz has been taken 135 times
  • The average score is 41 of 50
Answer Stats
Hint Answer % Correct
Texas Austin
95%
California Sacramento
95%
Georgia Atlanta
94%
Hawaii Honolulu
94%
Alaska Juneau
94%
Arizona Phoenix
92%
Massachusetts Boston
90%
Colorado Denver
90%
Illinois Springfield
90%
Florida Tallahassee
90%
Alabama Montgomery
89%
New York Albany
87%
Idaho Boise
87%
Arkansas Little Rock
87%
Oklahoma Oklahoma City
87%
Ohio Columbus
86%
Indiana Indianapolis
86%
Maryland Annapolis
84%
Iowa Des Moines
84%
Tennessee Nashville
84%
Louisana Baton Rouge
83%
Delaware Dover
83%
Utah Salt Lake City
83%
Minnesota St Paul
83%
Kansas Topeka
83%
Maine Augusta
81%
New Jersey Trenton
81%
Nevada Carson City
79%
Washington Olympia
79%
Mississippi Jackson
78%
Michigan Lansing
78%
Oregon Salem
78%
New Mexico Santa Fe
78%
South Carolina Columbia
76%
Pennsylvania Harrisburg
76%
Montana Helena
76%
Missouri Jefferson City
76%
Rhode Island Providence
76%
Kentucky Frankfort
75%
Connecticut Hartford
75%
Nebraska Lincoln
75%
Wisconsin Madison
75%
South Dakota Pierre
73%
North Carolina Raleigh
73%
Wyoming Cheyenne
71%
Virginia Richmond
71%
North Dakota Bismarck
70%
West Virginia Charleston
68%
New Hampshire Concord
68%
Vermont Montpellier
65%
No matching quizzes found
Score Distribution
Percent of People with Each Score
Percentile by Number Answered
Your Score History
You have not taken this quiz